Online Catalogue and eLibrary

Pramil padaippugal (Record no. 4113)

MARC details
000 -LEADER
fixed length control field 00419nam a2200181Ia 4500
005 - DATE AND TIME OF LATEST TRANSACTION
control field 20250321083719.0
008 - FIXED-LENGTH DATA ELEMENTS--GENERAL INFORMATION
fixed length control field 240331s9999 xx 000 0 und d
020 ## - INTERNATIONAL STANDARD BOOK NUMBER
ISBN 8177200186
082 ## - DDC Classification
Item Number - Author Mark PRA
Class No. 894
100 ## - MAIN ENTRY--PERSONAL NAME
Personal name Pramil,
245 #0 - TITLE STATEMENT
Title Pramil padaippugal
260 ## - PUBLICATION, DISTRIBUTION, ETC.
Place of publication, distribution, etc. Puthanatham
Name of publisher, distributor, etc. Adaiyalam
Date of publication, distribution, etc. 2003
300 ## - PHYSICAL DESCRIPTION
Extent (e.g. Volumes, Pages etc.) 472 p .,
650 ## - SUBJECT ADDED ENTRY--TOPICAL TERM
Topical term or geographic name entry element Sirukadhaikalum
650 ## - SUBJECT ADDED ENTRY--TOPICAL TERM
Topical term or geographic name entry element Kuru Novals
650 ## - SUBJECT ADDED ENTRY--TOPICAL TERM
Topical term or geographic name entry element Dramas
942 ## - Koha item type (Biblio)
Koha item type Books in Stacks (Lending)
Holdings
Lost status Damaged status Collection code Home library Current library Shelving location Date acquired Full call number Accession Number Item type
    Lending WERC Library WERC Library Social Science Cupboard 03/31/2024 894.811 PRA 4998 Books in Stacks (Lending)

© WERC Library